Регионална библиотека "Любен Каравелов" - Русе

На Острова на блажените (Запис номер 87540)

MARC детайли
000 -Лидер
Контролно поле с фиксирана дължина 01692nam a2200325 c 4500
003 - Код на организацията, давaща контролен номер
Контролно поле BLK
005 - Дата и час на последна редакция
Контролно поле 20241122141730.0
008 - Елементи от данни с фиксирана дължина
fixed length control field 180408b bul|||||r ||||||| ||bul||
010 ## - Наследен системен номер
LC control number KNG00092183000
020 ## - Международен стандартен номер на книга ISBN
Международен стандартен номер на книга ISBN 978-954-09-0214-2
-- издат.: Захарий Стоянов
040 ## - Източник на каталожния запис
Идентификатор на билиотеката - собственик на записа BLK
041 ## - Код за език
Код за езика на текст/звукозапис или на отделно заглавие Български
Код за езика КДБФ Български
080 ## - УДК
Текстов определител УДК Българска литература
УДК код - определител по УДК 821.163.2
УДК определител -1
УДК - код + определител 821.163.2-1
100 ## - Редна дума - Автор
Автор Славейков, Пенчо Петков
Дати, свързани с автора 1866-1912
Автор - информация (биография) Поет. Фолклорист. Преводач от немски и руски език.
R(LIN) 364367
139 ## - Редно поле
Редна дума Славейков, Пенчо Петков
Авторски знак Славе - С 42
245 10 - Сведения за заглавието
Заглавие На Острова на блажените
Подзаглавни данни Антология
Редно поле (дума) Пенчо Петков Славейков; прев. Пенчо Петков Славейков; худож. Никола Петров.
257 ## - Страна на издаване
Страна на създаване/издаване България
260 ## - Област на издателските данни
-- София
Име на издателя, разпространителя и проч. Захарий Стоянов
Година на издаване 2008
Печатница София : Д. Благоев
300 ## - Физическа характеристика
Страници 320 с.
Илюстрации и др. с портр.
Размери/Мащаб 23 см
380 ## - Жанр
Жанр Худож. лит.
500 ## - Общи забележки
Забележка Биогр. на поетите са написани, а стиховете прев. от Пенчо Славейков ; Портр. са нарисувани от Никола Петров
700 ## - Други автори (авторска отговорност)
Лично име Славейков, Пенчо Петков
Дати, свързани с автора 1866-1912
Друга информация Поет. Фолклорист. Преводач от немски и руски език.
9 (RLIN) 364367
700 1# - Други автори (авторска отговорност)
Лично име Петров, Никола
Автороска отговорност (Описва отношението между автора и произведението) худож.
9 (RLIN) 368645
852 ## - Местоположение
Форматна сигнатура Цб 245817
856 4# - Електронен адрес и достъп
Електронен формат pdf - файл
Път до файла /url/
856 4# - Електронен адрес и достъп
Електронен формат pdf - файл
Път до файла /url/
942 ## - АРТИКУЛИ
Вид на библиотечния материал Книги
Скрит в OPAC Не
Koha issues (borrowed), all copies 1
944 ## - СЪЗДАВАНЕ И РЕДАКЦИЯ на ЗАПИСА
Създаване/Редакция Създаване
Дата на регистрацията/редакция 23.10.2009
Служител, извършил регистрацията/редакцията 30530
Статус, дата на статуса Минев Младен
944 ## - СЪЗДАВАНЕ И РЕДАКЦИЯ на ЗАПИСА
Създаване/Редакция Редакция
Дата на регистрацията/редакция 11.08.2016
Служител, извършил регистрацията/редакцията Геновева_Генчева
999 ## - СИСТЕМНИ КОНТРОЛНИ НОМЕРА
Koha biblionumber 87540
Koha biblioitemnumber 87540
Наличности
Код за отписване Код за изгубен артикул Код за повреда Коз за рестрикции Код за отдаване Артикулен № Име на библиотеката - собственик Име на библиотеката, в която се намира в момента Статус (Текущо местоположение) Дата на вписване в системата Местоположение - отдел Цена в лева Инвентарен номер Систематично азбучна сигнатура Баркод Номер на екземпляра Цена в евро Служебна бележка Служебен тип на артикула
  Не е изгубен Не е повреден без рестрикции ползва се в читалня 141694 Регионална библиотека "Любен Каравелов" Русе Регионална библиотека "Любен Каравелов" Русе Хранилище 2009-10-21 Хранилище 0.00 120000739226 Цб 245817 120000739226 1 0.00 Дост: Dp Вид: Д N: 19 Дата: 29.04.2009 Книги
  Не е изгубен Не е повреден без рестрикции заемане за дома 141695 Регионална библиотека "Любен Каравелов" Русе Регионална библиотека "Любен Каравелов" Русе Заемна - подръчен фонд 2016-07-20 Заемна - подръчен фонд 30.00 120000802391 П 886.7-1/С 42 120000802391 2 15.34 Дост: DA Вид: А N: 29 Дата: 20.07.2016 Дата инв: 15.02.2018 Бележки инв: П2018 Книги
  Не е изгубен Не е повреден без рестрикции заемане за дома 141696 Регионална библиотека "Любен Каравелов" Русе Регионална библиотека "Любен Каравелов" Русе Заемна - подръчен фонд 2016-07-20 Заемна - подръчен фонд 30.00 120000802392 П 886.7-1/С 42 120000802392 3 15.34 Дост: DA Вид: А N: 29 Дата: 20.07.2016 Дата инв: 15.02.2018 Бележки инв: П2018 Книги
  Не е изгубен Не е повреден без рестрикции заемане за дома 141697 Регионална библиотека "Любен Каравелов" Русе Регионална библиотека "Любен Каравелов" Русе Заемна - подръчен фонд 2016-07-20 Заемна - подръчен фонд 30.00 120000802393 П 886.7-1/С 42 120000802393 4 15.34 Дост: DA Вид: А N: 29 Дата: 20.07.2016 Дата инв: 15.02.2018 Бележки инв: П2018 Книги
Vip Innovations Ltd, Rousse, Bulgaria 2025